[Event "POL-chT4 Kujawsko-Pomorskie 1617"]
[Site "Poland"]
[Date "2017.01.22"]
[Round "6.12"]
[White "Florek, Wojciech"]
[Black "Paliwoda, Borys"]
[Result "0-1"]
[WhiteElo "1147"]
[BlackElo "1717"]
[PlyCount "92"]
[EventDate "2016.11.06"]
[EventType "team-tourn"]
[EventRounds "11"]
[EventCountry "POL"]
[SourceTitle "EXT 2019"]
[Source "ChessBase"]
[SourceDate "2018.10.10"]
[SourceVersion "1"]
[SourceVersionDate "2018.10.10"]
[SourceQuality "1"]

1. c4 e5 2. Nc3 Nc6 3. g3 f5 4. d3 Nf6 5. Bg2 Bc5 6. Bg5 Bxf2+ 7. Kxf2 Ng4+ 8. Ke1 Qxg5 9. Qd2 Qxd2+ 10. Kxd2 Nf2 11. Nh3 Nxh1 12. Rxh1 h6 13. Rf1 d6 14. Nd5 Kd8 15. Ng1 Ne7 16. Nxe7 Kxe7 17. b4 c6 18. a4 Bd7 19. b5 a6 20. bxc6 bxc6 21. e4 g6 22. exf5 gxf5 23. Bh3 Rhf8 24. Ne2 Rab8 25. Kc3 d5 26. d4 exd4+ 27. Nxd4 c5 28. Nxf5+ Bxf5 29. Bxf5 d4+ 30. Kd3 Rf6 31. g4 Kd6 32. Ra1 Rb3+ 33. Ke4 Rf8 34. h4 Rb4 35. Kd3 Re8 36. Be4 Rb3+ 37. Kc2 Rc3+ 38. Kb2 Rxe4 39. Rd1 Rxc4 40. Kb3 Rb4+ 41. Ka3 Re3+ 42. Ka2 d3 43. a5 c4 44. g5 hxg5 45. hxg5 Re5 46. g6 Rxa5# 0-1

[Event "POL-chT4 Kujawsko-Pomorskie 1617"]
[Site "Poland"]
[Date "2017.01.08"]
[Round "5.22"]
[White "Kozielski, Miroslaw"]
[Black "Florek, Wojciech"]
[Result "1-0"]
[WhiteElo "1698"]
[BlackElo "1147"]
[PlyCount "69"]
[EventDate "2016.11.06"]
[EventType "team-tourn"]
[EventRounds "11"]
[EventCountry "POL"]
[SourceTitle "EXT 2019"]
[Source "ChessBase"]
[SourceDate "2018.10.10"]
[SourceVersion "1"]
[SourceVersionDate "2018.10.10"]
[SourceQuality "1"]

1. d4 Nf6 2. c4 g6 3. Nc3 d5 4. Bg5 dxc4 5. Bxf6 exf6 6. e4 Bg7 7. Bxc4 0-0 8. Nge2 f5 9. e5 a6 10. a4 c5 11. f4 Nd7 12. d5 Kh8 13. 0-0 Nb6 14. Bb3 Qe7 15. a5 Nd7 16. Rf3 f6 17. e6 Nb8 18. d6 Qe8 19. e7 Rg8 20. Bxg8 Qxg8 21. Nd5 Bd7 22. Nc7 Ra7 23. Re3 Nc6 24. e8Q Bxe8 25. Rxe8 Qxe8 26. Nxe8 Ra8 27. Nxg7 Kxg7 28. d7 Rd8 29. Qd6 c4 30. Nc3 Kf7 31. Nd5 c3 32. Qxf6+ Kg8 33. Ne7+ Nxe7 34. Qxe7 Rc8 35. dxc8Q# 1-0

[Event "Suwalki op"]
[Site "Suwalki"]
[Date "2015.06.30"]
[Round "2"]
[White "Banach, Szymon"]
[Black "Florek, Wojciech"]
[Result "1-0"]
[WhiteElo "1995"]
[BlackElo "1352"]
[PlyCount "55"]
[EventDate "2015.06.29"]
[EventType "swiss"]
[EventRounds "9"]
[EventCountry "POL"]
[SourceTitle "EXT 2017"]
[Source "ChessBase"]
[SourceDate "2016.10.25"]
[SourceVersion "1"]
[SourceVersionDate "2016.10.25"]
[SourceQuality "1"]

1. e4 c5 2. Nc3 e6 3. f4 Nc6 4. Nf3 Be7 5. Bb5 a6 6. Bxc6 dxc6 7. 0-0 b5 8. d3 Nf6 9. Qe1 0-0 10. Qg3 Kh8 11. Be3 Bb7 12. Rad1 Qc7 13. Qh3 Nd7 14. Ng5 Bxg5 15. fxg5 a5 16. Rf4 Rfd8 17. Rxf7 Kg8 18. Rdf1 Rf8 19. g6 hxg6 20. Qxe6 Kh8 21. R1f3 Rxf7 22. Qxf7 Nf6 23. Qxc7 Bc8 24. Rxf6 Bg4 25. Rxg6 Rg8 26. Bh6 b4 27. Bxg7+ Kh7 28. Rh6# 1-0